Central Library OPAC University of Rajshahi

The theory of finitely generated commutative semigroups / (Record no. 7248)

MARC details
000 -LEADER
fixed length control field 01018cam a22002891 4500
001 - CONTROL NUMBER
control field 7248
003 - CONTROL NUMBER IDENTIFIER
rucl marc code BD-RjUL
005 - DATE AND TIME OF LATEST TRANSACTION
control field 20211208234402.0
008 - FIXED-LENGTH DATA ELEMENTS--GENERAL INFORMATION
fixed length control field 140113s1965 enk 001 0 eng
035 ## - SYSTEM CONTROL NUMBER
System control number (BD-RjUL)7290
040 ## - CATALOGING SOURCE
Original cataloging agency DLC/ICU
Transcribing agency ICU
Modifying agency DLC
-- BD-RjUL
Language of cataloging eng
041 1# - LANGUAGE CODE
Language code of text/sound track or separate title engger
082 00 - DEWEY DECIMAL CLASSIFICATION NUMBER
Classification number 512.86
Author mark and year RET 1965
100 1# - MAIN ENTRY--PERSONAL NAME
Personal name REDEI,Laszlo
Fuller form of name (László),
Dates associated with a name 1900-
9 (RLIN) 22646
245 14 - TITLE STATEMENT
Title The theory of finitely generated commutative semigroups /
Statement of responsibility, etc. Tranlsation edited by N. Reilly.
260 ## - PUBLICATION, DISTRIBUTION, ETC. (IMPRINT)
Place of publication, distribution, etc. Oxford :
-- New York:
Name of publisher, distributor, etc. Pergamon Press,
Date of publication, distribution, etc. 1965
300 ## - PHYSICAL DESCRIPTION
Pagination xiii, 353 p. ;
Size 22 cm.
490 1# - SERIES STATEMENT
Series statement International series of monographs in pure and applied mathematics,
Volume/sequential designation V-82
504 ## - BIBLIOGRAPHY, ETC. NOTE
Bibliography, etc Includes Index.
650 #0 - SUBJECT ADDED ENTRY--TOPICAL TERM
Topical term or geographic name as entry element Commutative semigroups.
9 (RLIN) 22647
830 #0 - SERIES ADDED ENTRY--UNIFORM TITLE
Volume number/sequential designation v. 82.
Uniform title International series of monographs in pure and applied mathematics ;
942 ## - ADDED ENTRY ELEMENTS (KOHA)
Source of classification or shelving scheme Dewey Decimal Classification
Koha item type Books
Holdings
Lost status Source of classification or shelving scheme Damaged status Not for loan Collection code Permanent Location Current Location Shelving location Date acquired Source of acquisition Cost, normal purchase price Total Checkouts Full call number Date last seen Copy number Koha item type
  Dewey Decimal Classification     Non-fiction Central Library, University of Rajshahi Central Library, University of Rajshahi   27/07/1971 Zitlinger 135.00   512.86 RET 1965 13/01/2014 C-2 Books
  Dewey Decimal Classification   Not For Loan Non-fiction Central Library, University of Rajshahi Central Library, University of Rajshahi Reading Room 11/12/1968 Zeitlinger 97.00   512.86 RET 1965 15/04/2017 C-1 Books